000 00413nam a2200181Ia 4500
001 2669
005 20260306144824.0
008 260306t2008||||xx |||||||||||||| ||spa||
041 _aESP
082 _a204
_bN49 V. 1
100 _aNewman, John Henry
_eAUT
245 0 _aEnsayos críticos e históricos
260 _c2008
300 _a
_c23 cm.
650 _aGEN
654 _aCHU
942 _cLIB
_dJUS
_fJUS
_2ddc
_n
999 _c2669
_d2669